000 01959cam a2200397 a 4500
999 _c21509
_d21509
001 15023739
003 OSt
005 20210206111138.0
008 070926s2008 enk b 001 0 eng
010 _a 2007039688
020 _a9780195608459
020 _a019280720X
035 _a(OCoLC)ocn173502784
035 _a(OCoLC)173502784
040 _aDLC
_coclc
_dBTCTA
_dBAKER
_dYDXCP
_dBWKUK
_dDLC
050 0 0 _aDS481.G3
_bA25 2008
082 0 0 _a954.03092
_aB
_222
_bBRO/M
100 1 _aGandhi, Mahatma
_d1869-1948
_922
240 1 0 _aWorks.
_kSelections.
_f2008
245 1 0 _aMahatma Gandhi :
_bThe Essential Writings /
_cedited with an introduction and notes by Judith M. Brown.
250 _aNew ed.
260 _aOxford ;
_aNew York :
_bOxford University Press,
_c2008.
300 _axliii, 408 p. ;
_c20 cm.
490 1 _aOxford world's classics
500 _aFirst published by the Clarendon Press in 1986/7.
504 _aIncludes bibliographical references (p. [xxxiv]-xxxvii) and index.
505 0 _aGandhi, his mission, and the influences on him -- Authentic human life and the transformation of the individual -- Transforming societies -- India under British rule : making a new nation -- Non-violence as political action.
700 1 _aBrown, Judith M.
_q(Judith Margaret),
_d1944-
830 0 _aOxford world's classics (Oxford University Press)
856 4 1 _3Table of contents only
_uhttp://www.loc.gov/catdir/toc/ecip081/2007039688.html
856 4 2 _3Contributor biographical information
_uhttp://www.loc.gov/catdir/enhancements/fy0907/2007039688-b.html
856 4 2 _3Publisher description
_uhttp://www.loc.gov/catdir/enhancements/fy0907/2007039688-d.html
906 _a7
_bcbc
_corignew
_d1
_eecip
_f20
_gy-gencatlg
942 _2ddc
_cBK
_h954.03092
_iBRO/M
_k954.03092
_mBRO/M